| 000 | 00912cam a2200217 4500 | ||
|---|---|---|---|
| 001 | D9110 | ||
| 008 | 090401t1927 xxu||||| |||| 00| 0 eng d | ||
| 035 | _a(Sirsi) u17445 | ||
| 041 | _aeng | ||
| 050 | _a692.3 | ||
| 110 |
_aThe Surveyors` Institution _93445 |
||
| 245 | _aStandard method of measurement of building works authorised by agreement between the Surveyors Institution, The National Federation of Building Trades Employers and The Institute of Builders | ||
| 250 | _a2nd ed. rev | ||
| 260 |
_aLondon _bThe Surveyors Institution _c1927 |
||
| 300 | _a73p. 24cm | ||
| 350 | _a0.37 | ||
| 520 | _aFiled at SMM 1927/1BC. This is SMM 2nd edition 1927. | ||
| 856 |
_uhttps://www.rics.org/profession-standards/knowledge-and-information-services/document-delivery-and-other-kis-fees.html _zemail [email protected] to request a copy (fees apply to non-members) |
||
| 942 |
_n0 _2ddc |
||
| 948 | _c04/03/1997 | ||
| 999 |
_c87512 _d87512 |
||